| Tag |
First Indicator |
Second Indicator |
Subfields |
| LEADER |
00000cam a2200000Ia 4500 |
| 001 |
in00002595621 |
| 005 |
20211202193626.0 |
| 006 |
m d f |
| 007 |
cr bn||||||||| |
| 008 |
100520s2010 dcu s f000 0 eng d |
| 035 |
|
|
|a (OCoLC)ocn623810603
|
| 040 |
|
|
|a GPO
|c GPO
|d MvI
|d UtOrBLW
|
| 043 |
|
|
|a n-us---
|
| 049 |
|
|
|a WWW
|
| 074 |
|
|
|a 0431-Z (online)
|
| 086 |
0 |
|
|a EP 12.2:T 69
|
| 245 |
0 |
0 |
|a EPA travel program lacks necessary controls :
|b interim report.
|
| 264 |
|
1 |
|a Washington, D.C. :
|b U.S. Environmental Protection Agency, Office of Inspector General,
|c [2010]
|
| 300 |
|
|
|a 1 online resource (6 unnumbered pages, 9 pages)
|
| 336 |
|
|
|a text
|b txt
|2 rdacontent
|
| 337 |
|
|
|a computer
|b c
|2 rdamedia
|
| 338 |
|
|
|a online resource
|b cr
|2 rdacarrier
|
| 500 |
|
|
|a Title from PDF title screen (viewed on May 20, 2010).
|
| 500 |
|
|
|a Report contributors: Bettye Bell-Daniel [and others].
|
| 500 |
|
|
|a "March 9, 2010."
|
| 500 |
|
|
|a "Report number 10-P-0078."
|
| 500 |
|
|
|a Electronic resource.
|
| 610 |
1 |
0 |
|a United States.
|b Environmental Protection Agency
|x Officials and employees.
|
| 610 |
1 |
0 |
|a United States.
|b Environmental Protection Agency
|x Management.
|
| 650 |
|
0 |
|a Government travel
|z United States.
|
| 700 |
1 |
|
|a Bell-Daniel, Bettye.
|
| 710 |
1 |
|
|a United States.
|b Environmental Protection Agency.
|b Office of the Inspector General.
|
| 856 |
4 |
0 |
|u https://purl.fdlp.gov/GPO/LPS122360
|t 0
|
| 999 |
|
|
|a MARS
|
| 999 |
f |
f |
|s 6e8f732e-faa7-303d-98e5-4d227494ae3e
|i b5eb8f14-cc96-313a-bc73-10b132d58f36
|t 0
|
| 952 |
f |
f |
|a Texas A&M University
|b College Station
|c Electronic Resources
|d Available Online
|t 0
|e EP 12.2:T 69
|h Superintendent of Documents classification
|
| 998 |
f |
f |
|a EP 12.2:T 69
|t 0
|l Available Online
|